000 00394nam a22001337a 4500
082 _a621.91
_bWES
_cL-24, P-10
100 _aWestbury, Edgar T.
_941994
245 _aModern Milling Practice
_cWestbury, Edgar T.
260 _aGreat Britain
_bPercival Marshall & Co.
300 _a100 p. :
_bill, ;
_c18 cm.
526 _a0
_b0
_c0
_d621_910000000000000_WES
650 _aMCE
_9379
942 _2ddc
_cBK
999 _c546000
_d546000